Halal ekonomika v Číne

Sektor potravinárstva halal ekonomiky v Číne. Dôvody záujmu Číny o rozvoj halal ekonomiky. Pozadie, stratégie a nedostatky Číny v halal potravinárstve. Problémy a výzvy stojace pred Čínou.

Gespeichert in:
Bibliographische Detailangaben
1. Verfasser: Ondriaš, Juraj, 1988-
Format: Buchkapitel
Sprache:Slowakisch
Schlagworte:
Tags: Tag hinzufügen
Keine Tags, Fügen Sie das erste Tag hinzu!

MARC

LEADER 00000naa$a2200000$$$4500
001 0271112
005 20240502074246.8
041 0 |a slo 
044 |a SK 
245 1 0 |a Halal ekonomika v Číne  |c Juraj Ondriaš 
520 |a Sektor potravinárstva halal ekonomiky v Číne. Dôvody záujmu Číny o rozvoj halal ekonomiky. Pozadie, stratégie a nedostatky Číny v halal potravinárstve. Problémy a výzvy stojace pred Čínou. 
610 2 0 |a potravinárstvo 
610 2 0 |a trh 
610 2 0 |a moslimovia 
610 2 0 |a Čína 
100 1 |a Ondriaš, Juraj, 1988-